Men and ideas : history, the Middle Ages, the Renaissance ; essays /

محفوظ في:

المؤلف الرئيسي: Huizinga, Johan, 1872-1945 (مؤلف)

مؤلفون آخرون: Holmes, James S., van Marle, Hans.

التنسيق: كتاب

اللغة: English
German

منشور في: London : Eyre & Spottiswoode, [1960].

الموضوعات:

الوسوم: إضافة وسم

لا توجد وسوم, كن أول من يضع وسما على هذه التسجيلة!

رقم الطلب: CB7 .H91 1960

LEADER 00863nam a2200277u 4500
001 563
003 OSt
005 20251110070228.0
008 130303s1960 enk 000 0 eng d
035 |a rdb04060129 
040 |c ARCE Library 
041 1 |a eng  |h ger 
050 4 |a CB7 .H91 1960 
100 1 |a Huizinga, Johan,  |d 1872-1945,  |e author  |9 32369 
245 1 0 |a Men and ideas :  |b history, the Middle Ages, the Renaissance ; essays /  |c translated by James S. Holmes and Hans van Marle. 
264 1 |a London :  |b Eyre & Spottiswoode,  |c [1960]. 
300 |a 378 pages ;  |c 19 cm. 
500 |a "Translated from texts in 'Verzamelde werken' (1948-53)" 
650 0 |a Civilization, Medieval. 
650 0 |a History   |x Philosophy. 
650 0 |a Middle Ages. 
700 1 |a Holmes, James S. 
700 1 |a van Marle, Hans. 
901 |a reviewed 
942 |c BK  |2 lcc 
999 |c 1943  |d 1943